<?xml version="1.0" encoding="UTF-8"?>
<record
    xmlns:xsi="http://www.w3.org/2001/XMLSchema-instance"
    xsi:schemaLocation="http://www.loc.gov/MARC21/slim http://www.loc.gov/standards/marcxml/schema/MARC21slim.xsd"
    xmlns="http://www.loc.gov/MARC21/slim">

  <leader>01831nam a22002057a 4500</leader>
  <datafield tag="999" ind1=" " ind2=" ">
    <subfield code="c">5429</subfield>
    <subfield code="d">5429</subfield>
  </datafield>
  <controlfield tag="003">OSt</controlfield>
  <controlfield tag="005">20250703135517.0</controlfield>
  <controlfield tag="008">180305b        xxu||||| |||| 00| 0 spa d</controlfield>
  <datafield tag="020" ind1=" " ind2=" ">
    <subfield code="a">9789505745470</subfield>
  </datafield>
  <datafield tag="040" ind1=" " ind2=" ">
    <subfield code="c">PJ</subfield>
  </datafield>
  <datafield tag="100" ind1=" " ind2=" ">
    <subfield code="a">Ferreyra, Ra&#xFA;l Gustavo</subfield>
    <subfield code="9">907</subfield>
  </datafield>
  <datafield tag="245" ind1="1" ind2="0">
    <subfield code="a">Escritos sobre la forma inicial del Estado /</subfield>
    <subfield code="c">Ra&#xFA;l Gustavo Ferreyra.</subfield>
  </datafield>
  <datafield tag="260" ind1=" " ind2=" ">
    <subfield code="a">Ciudad Aut&#xF3;noma de Buenos Aires :</subfield>
    <subfield code="b">Ediar, </subfield>
    <subfield code="c">2025.</subfield>
  </datafield>
  <datafield tag="300" ind1=" " ind2=" ">
    <subfield code="a">216 p.</subfield>
    <subfield code="c">22 cm.</subfield>
  </datafield>
  <datafield tag="504" ind1=" " ind2=" ">
    <subfield code="a">Bibliograf&#xED;a: p. 195-210</subfield>
  </datafield>
  <datafield tag="505" ind1=" " ind2=" ">
    <subfield code="a">En este libro Ra&#xFA;l Gustavo Ferreyra aborda con rigor cient&#xED;fico y profundidad una teor&#xED;a general de la Constituci&#xF3;n, desde un enfoque interno. Su mirada est&#xE1; puesta en Am&#xE9;rica del Sud y sus urgentes realidades contempor&#xE1;neas, aquejadas por los poderes globales y por un nuevo animal pol&#xED;tico el monopresidente, un mal que deforma los sistemas de gobierno constitucionales de la regi&#xF3;n. En torno a la determinada rigidez de la Ley fundamental, ofrece una interesante dogm&#xE1;tica sobre el proceso de cambio constitucional, en especial en la Argentina y en Brasil. Al analizar la Constituci&#xF3;n federal de la Argentina, plantea que su extensa duraci&#xF3;n y su doble rostro son los rasgos distintivos de uno de los textos pol&#xED;ticos m&#xE1;s antiguos del mundo, que ha sido puesto en jaque en varias oportunidades. Por su parte, la indagaci&#xF3;n sobre la fuerza normativa de la Constituci&#xF3;n permite ubicar el problema central del instrumento: la discrepancia entre el mundo del ser y el mundo del deber ser. El libro concluye con un ensayo sobre las recientes tentativas para destruir el Estado argentino, en cuya demolici&#xF3;n mucho tiene que ver el hecho maldito de los mal habidos decretos por razones de necesidad y urgencia.</subfield>
  </datafield>
  <datafield tag="650" ind1=" " ind2="0">
    <subfield code="9">178</subfield>
    <subfield code="a">DERECHO CONSTITUCIONAL</subfield>
  </datafield>
  <datafield tag="650" ind1=" " ind2="0">
    <subfield code="9">5541</subfield>
    <subfield code="a">ESTADO</subfield>
  </datafield>
  <datafield tag="942" ind1=" " ind2=" ">
    <subfield code="2">udc</subfield>
    <subfield code="c">LIB</subfield>
    <subfield code="h">342.4</subfield>
    <subfield code="i">FER</subfield>
  </datafield>
</record>
